000
00320nam a2200133Ia 4500
008
240624s9999 xx 000 0 und d
041
_a
eng
082
_a
332.632 DUN
100
_a
DUN
245
_a
EQUITY RESEARCH AND VALUATION
260
_c
2007
_a
New Delhi
_b
Tata McGraw-Hill
300
_a
140 : p.
365
_c
RS
_b
27
999
_c
21874
_d
21874